书目信息 |
| 题名: |
电影狂热症
|
|
| 作者: | 塔尔 著 ;比尔曼 , 李春秋 插图 | |
| 分册: | ||
| 出版信息: | 北京 新星出版社 2007.05 |
|
| 页数: | 193页 | |
| 开本: | 19cm | |
| 丛书名: | 皮勒迈尔探长系列 | |
| 单 册: | ||
| 中图分类: | I516.45 | |
| 科图分类: | ||
| 主题词: | 侦探小说--德国--现代 , 侦探小说 , 长篇小说 , 长篇小说--德国--现代 | |
| 电子资源: | ||
| ISBN: | 978-7-80225-250-9 | |
| 000 | 01063oam2 2200325 450 | |
| 001 | 1252476070 | |
| 005 | 20120107143504.15 | |
| 010 | @a978-7-80225-250-9@b精装@dCNY23.00 | |
| 090 | @aI516.45@bte | |
| 096 | @aI516.45@bte | |
| 100 | @a20070104d2007 em y0chiy50 ea | |
| 101 | 1 | @achi@cger |
| 102 | @aCN@b110000 | |
| 105 | @aa z 000ay | |
| 200 | 1 | @a电影狂热症@b专著@dKommissar Pillermeier im filmfieber@g(德)弗兰齐丝卡·比尔曼插图@g李春秋译@zger@9dian ying kuang re zheng |
| 210 | @a北京@c新星出版社@d2007.05 | |
| 215 | @a193页@c图@d19cm | |
| 225 | 2 | @a皮勒迈尔探长系列@v3 |
| 461 | 0 | @1001003543296 |
| 510 | 1 | @aKommissar Pillermeier im filmfieber@zger |
| 606 | 0 | @a侦探小说@y德国@z现代 |
| 606 | 0 | @a侦探小说 |
| 606 | 0 | @a长篇小说 |
| 606 | 0 | @a长篇小说@y德国@z现代 |
| 690 | @aI516.45@v4 | |
| 701 | 0 | @c(德)@a塔尔@c(Thal, Lili)@4著@9ta er |
| 702 | 0 | @c(德)@a比尔曼@c(Biemann, Franziska)@4插图@9bi er man |
| 702 | 0 | @a李春秋@4译@9li chun qiu |
| 801 | 0 | @aCN@b大连网信软件有限公司图书馆·11@c20120107 |
| 905 | @aZUCC@dI516.45@eT009 | |
| 电影狂热症=Kommissar Pillermeier im filmfieber/(德)弗兰齐丝卡·比尔曼插图/李春秋译.-北京:新星出版社,2007.05 |
| 193页:图;19cm.-(皮勒迈尔探长系列;3) |
| ISBN 978-7-80225-250-9(精装):CNY23.00 |
| ● |
| 相关链接 |
|
|
|
正题名:电影狂热症
索取号:I516.45/T009
 
预约/预借
| 序号 | 登录号 | 条形码 | 馆藏地/架位号 | 状态 | 备注 |
| 1 | 480207 | 204802071 | 文学库116/116文学库 18排1列1层/ [索取号:I516.45/T009] | 在馆 | |
| 2 | 480208 | 204802080 | 文学库116/116文学库 18排1列1层/ [索取号:I516.45/T009] | 在馆 | |
| 3 | 480209 | 204802099 | 社科二线422/116文学库 18排1列1层/ [索取号:I516.45/T009] | 在馆 |